| 000 | 00621nam a2200193 a 4500 | ||
|---|---|---|---|
| 001 | 21670 | ||
| 003 | CO-ViMGA | ||
| 008 | 141112s2004 ck r 000 u spa d | ||
| 020 | _a848410045X | ||
| 040 |
_aCO-ViMGA _bspa _cCO-ViMGA |
||
| 082 | 0 | 4 | _aTHUk |
| 100 | 1 |
_aThury, Fredrick H.; Kampen, Vlasta van il. _930938 |
|
| 245 | 1 | 0 | _aHoshmakaka |
| 260 |
_aBarcelona : _bZendrera Zariquiey, _c2000 |
||
| 300 | _a30 | ||
| 590 | _aForma de adquisición : Donación fact. 8855 - - Precio : 56000 - - Proveedor : Fundación exito - - Fecha de adquisición : Junio 2007 | ||
| 650 | 1 | 4 |
_aCUENTOS INFANTILES _92743 |
| 942 |
_2ddc _cBK |
||
| 999 |
_c30234 _d30234 |
||